[Event "RSA-ch U12 Girls"]
[Site "Gauteng"]
[Date "2017.04.07"]
[Round "4"]
[White "Morema, Mohau"]
[Black "Stuurman, Aliche"]
[Result "1-0"]
[WhiteElo "1096"]
[BlackElo "1063"]
[PlyCount "107"]
[EventDate "2017.04.05"]
[EventType "swiss"]
[EventRounds "11"]
[EventCountry "RSA"]
[SourceTitle "CBM 177 Extra"]
[Source "ChessBase"]
[SourceDate "2017.04.27"]
[SourceVersion "1"]
[SourceVersionDate "2017.04.27"]
[SourceQuality "1"]

1. e4 e6 2. Nf3 f5 3. d3 fxe4 4. dxe4 Be7 5. Bd3 b6 6. 0-0 Bb7 7. Nc3 Nc6 8. Bb5 Bd6 9. Re1 e5 10. Bg5 Nge7 11. Nd5 0-0 12. Bxc6 Bxc6 13. Bxe7 Bxe7 14. Nxe5 Bc5 15. Nxc6 dxc6 16. Ne3 Qh4 17. f3 Rf6 18. Kh1 Bd6 19. Nf1 Rh6 20. e5 Bc5 21. Re2 Qd4 22. Qxd4 Bxd4 23. c3 Bc5 24. b4 Bf8 25. Rd1 c5 26. bxc5 Bxc5 27. Rd7 Rc6 28. e6 Re8 29. e7 Kf7 30. Ng3 Rd6 31. Rxd6 Bxd6 32. Nf5 Bxe7 33. Nxe7 Rxe7 34. Rxe7+ Kxe7 35. Kg1 Kd6 36. Kf2 Kc5 37. Ke3 Kc4 38. Kd2 a5 39. g4 c5 40. h4 b5 41. Kc2 b4 42. cxb4 Kxb4 43. Kd3 a4 44. f4 Ka3 45. f5 Kxa2 46. Kc2 c4 47. g5 Ka1 48. f6 gxf6 49. gxf6 a3 50. f7 c3 51. f8Q Ka2 52. Qf7+ Ka1 53. Qb3 a2 54. Qxc3# 1-0

[Event "RSA-ch U12 Girls"]
[Site "Gauteng"]
[Date "2017.04.05"]
[Round "1"]
[White "Stuurman, Aliche"]
[Black "Nhlapo, Vangile"]
[Result "0-1"]
[WhiteElo "1063"]
[BlackElo "843"]
[PlyCount "70"]
[EventDate "2017.04.05"]
[EventType "swiss"]
[EventRounds "11"]
[EventCountry "RSA"]
[SourceTitle "CBM 177 Extra"]
[Source "ChessBase"]
[SourceDate "2017.04.27"]
[SourceVersion "1"]
[SourceVersionDate "2017.04.27"]
[SourceQuality "1"]

1. d4 d5 2. Bf4 Nf6 3. e3 Bf5 4. c4 dxc4 5. Bxc4 e6 6. Nf3 Bb4+ 7. Nc3 Nc6 8. 0-0 0-0 9. Rc1 Nh5 10. a3 Ba5 11. Bg5 Nf6 12. Re1 h6 13. Bh4 Re8 14. e4 Bg4 15. e5 g5 16. Bg3 Nh7 17. d5 exd5 18. Bxd5 Qe7 19. Bxc6 bxc6 20. h3 Bh5 21. b4 Bb6 22. Na4 Qe6 23. Qc2 Bxf3 24. gxf3 Qxh3 25. Qxc6 Qxg3+ 26. Kh1 Qh4+ 27. Kg2 Qxf2+ 28. Kh1 Be3 29. Rb1 Bf4 30. Qxh6 Qxf3+ 31. Kg1 Qg3+ 32. Kh1 g4 33. Rg1 Qf3+ 34. Rg2 Bxh6 35. Rf1 Qxf1+ 0-1

[Event "RSA-chT U12"]
[Site "Cape Town"]
[Date "2016.01.06"]
[Round "6.10"]
[White "Stuurman, Aliche"]
[Black "Potgieter, Francois"]
[Result "0-1"]
[WhiteElo "939"]
[BlackElo "728"]
[PlyCount "88"]
[EventDate "2016.01.04"]
[EventType "team-tourn"]
[EventRounds "7"]
[EventCountry "RSA"]
[SourceTitle "CBM 170 Extra"]
[Source "ChessBase"]
[SourceDate "2016.02.25"]
[SourceVersion "1"]
[SourceVersionDate "2016.02.25"]
[SourceQuality "1"]
[WhiteTeam "Nelson Mandela Bay"]
[BlackTeam "Kenneth Kaunda"]
[WhiteTeamCountry "RSA"]
[BlackTeamCountry "RSA"]

1. d4 d5 2. e3 e6 3. f4 Nf6 4. Nf3 a6 5. Bd3 Bd6 6. Bd2 b6 7. Nc3 c6 8. 0-0 g6 9. Qe2 Bd7 10. Rfe1 0-0 11. Ng5 Be8 12. Bxg6 fxg6 13. Nxe6 Qe7 14. Nxf8 Qxf8 15. Qf3 Nbd7 16. Qg3 h6 17. f5 Bxg3 18. hxg3 gxf5 19. Rf1 Ng4 20. e4 dxe4 21. Nxe4 Qf7 22. Nf2 Nxf2 23. Rxf2 Nf8 24. g4 Bd7 25. gxf5 Bxf5 26. g4 Qg6 27. Raf1 Qxg4+ 28. Rg2 Ng6 29. Rxg4 Bxg4 30. Bxh6 Kh7 31. Bg5 Rf8 32. Re1 Nf4 33. Kh2 Kg6 34. Be7 Rf7 35. Kg3 Be6 36. Bd8 Bxa2 37. Bxb6 Nh5+ 38. Kh2 Rf2+ 39. Kh1 Bd5+ 40. Kg1 Rg2+ 41. Kh1 Rxc2+ 42. Kg1 Ng3 43. Re2 Rxe2 44. Bc7 Rg2# 0-1

[Event "RSA-chT U12"]
[Site "Cape Town"]
[Date "2016.01.05"]
[Round "3.10"]
[White "Stuurman, Aliche"]
[Black "Hardy, Noah"]
[Result "1-0"]
[WhiteElo "939"]
[BlackElo "1107"]
[PlyCount "99"]
[EventDate "2016.01.04"]
[EventType "team-tourn"]
[EventRounds "7"]
[EventCountry "RSA"]
[SourceTitle "CBM 170 Extra"]
[Source "ChessBase"]
[SourceDate "2016.02.25"]
[SourceVersion "1"]
[SourceVersionDate "2016.02.25"]
[SourceQuality "1"]
[WhiteTeam "Nelson Mandela Bay"]
[BlackTeam "Western Province"]
[WhiteTeamCountry "RSA"]
[BlackTeamCountry "RSA"]

1. d4 d5 2. e3 Bf5 3. f4 e6 4. Nf3 Bd6 5. Bd3 Bg6 6. Bd2 f6 7. Nc3 Nc6 8. Qe2 Nge7 9. 0-0-0 Qd7 10. h4 Bxd3 11. cxd3 0-0-0 12. e4 dxe4 13. dxe4 Bb4 14. e5 Nxd4 15. Nxd4 Qxd4 16. Be3 Qxe3+ 17. Qxe3 Nf5 18. Rxd8+ Rxd8 19. Qxa7 Ne3 20. Qa8+ Kd7 21. Qa4+ c6 22. Qxb4 Ke8 23. Qxb7 Kf8 24. Qb6 Rd3 25. Qb8+ Kf7 26. Nd1 Nxg2 27. Nf2 Rf3 28. Ne4 Rxf4 29. Nd6+ Kg6 30. Qe8+ Kh6 31. Nf7+ Kg6 32. h5+ Kf5 33. Nd6+ Kxe5 34. h6 g6 35. Qxc6 Rd4 36. Qc5+ Rd5 37. Qc3+ Kxd6 38. Qg3+ e5 39. Qxg2 g5 40. Rd1 Rxd1+ 41. Kxd1 f5 42. Qxg5 f4 43. Qf6+ Kd5 44. Qf7+ Kd4 45. Qxh7 f3 46. Qf5 e4 47. h7 Ke3 48. h8Q Kf2 49. Qh2+ Kf1 50. Qfh3# 1-0